000 00475nam a2200169 i 4500
001 92344
003 ES-MaACL
005 20230906180942.0
007 t|
008 050225s1967 sp ||||1| spa d
100 1 _aLier, Henri van.
_972251
245 1 3 _aLa nueva edad /
_cHenri van Lier; versión española por José Bernia.
260 _aAlcoy :
_bMarfil,
_c1967.
300 _a219 p. ;
_c21 cm.
700 1 _aBernia, José.
_928339
852 _aES-MaACL
_jG-8402
_bR.65508
999 _c92344
_d92344